000 00329nam a2200145Ia 4500
008 200615s9999||||xx |||||||||||||| ||und||
020 _a9789383746460
082 _a510
_bCOM-D
100 _aDURAIPANDIAN,P
245 0 _aCOMPLEX ANALYSIS
250 _a1ST
260 _aNEW DELHI
_bS.CHAND
_c2018
300 _a288
942 _cBK
999 _c31019
_d31019